Zemplénvármegye történeti földrajza. 54

Monografia obce Banské, ktorá roku 1395 bola kráľovským majetkom. Vývoj názvu obce. Podľa autora medzi čisto slovenskými názvami riek, vrchov, jaskýň a chotárov - je to stará maďarská obec - v ktorej Slováci udusili maďarskosť. Dolovala sa tu ruda, hnedé uhlie, súdobo kameme. Rudu vozili do Remetský...

Celý popis

Podrobná bibliografia
Hlavný autor: Dongó Gy., Géza (Author)
Médium: Článok
Jazyk:Hungarian
Témy:
Zdroj: 1. Adalékok Zemplénvármegye Történetéhez 1. Roč. 9, č. 3 (1903) s. 164-167
LEADER 01397nab#a2200337#ar4500
001 000076969
003 SVKKK
005 20060717xxxxxxx.
008 06 c xo huno
FMT
038 |a SVKKK 
040 |a SVKKK  |b slo  |e AACR2 
041 0 |a hun 
044 |a xo  |c SK 
080 |a 911 
080 |a 943.76 
100 1 |a Dongó Gy., Géza  |4 aut 
242 1 0 |a Historický zemepis Zemplínskej župy 
245 1 0 |a Zemplénvármegye történeti földrajza. 54  |c Géza Dongó Gy. 
520 2 |a Monografia obce Banské, ktorá roku 1395 bola kráľovským majetkom. Vývoj názvu obce. Podľa autora medzi čisto slovenskými názvami riek, vrchov, jaskýň a chotárov - je to stará maďarská obec - v ktorej Slováci udusili maďarskosť. Dolovala sa tu ruda, hnedé uhlie, súdobo kameme. Rudu vozili do Remetských Hámrov a Sniny na spracovanie. Krásna príroda, prales, skaly. Rozvinuté domáce remeslá: tkanie ľanu, konopia, košikárstvo. Demografické údaje. 
650 0 4 |a zemepis historický - Banské (obec) - dejiny - demografia - národopis - Banské (VV) - čriepky historické 
773 0 |t Adalékok Zemplénvármegye Történetéhez  |g Roč. 9, č. 3 (1903) s. 164-167 
957 |a Banské 
957 |a Remetské Hámre 
957 |a Snina 
958 |a DG 
958 |a SK 
974 |a Ba  |d 20060717 
992 |a RBX 
BAS
998 |a RETRO